| 000 | 00951cam a2200301I 4500 | ||
|---|---|---|---|
| 001 | 200459887 | ||
| 003 | TR-AnTOB | ||
| 005 | 20241125090824.0 | ||
| 007 | ta | ||
| 008 | 711221t1966 nyua 001 0 eng d | ||
| 040 |
_aDLC _beng _erda _cAKR _dSER _dUKM _dBGZ _dTR-AnTOB |
||
| 041 | 0 | _aeng | |
| 050 | 0 | 4 |
_aTJ216 _b.D399 1966 |
| 090 |
_aTJ216 _b.D399 1966 |
||
| 100 | 1 |
_aD'Azzo, John Joachim _eauthor _9145285 |
|
| 245 | 1 | 0 |
_aFeedback control system analysis and synthesis / _cby John J. D'Azzo and Constantine H. Houpis. |
| 250 | _aSecond edition | ||
| 264 | 1 |
_aNew York : _bMcGraw-Hill, _c1966. |
|
| 300 |
_axx, 824 pages : _billustrations ; _c21 cm |
||
| 336 |
_atext _btxt _2rdacontent |
||
| 337 |
_aunmediated _bn _2rdamedia |
||
| 338 |
_avolume _bnc _2rdacarrier |
||
| 500 | _aIncludes index. | ||
| 650 | 0 |
_aFeedback control systems _93166 |
|
| 700 | 1 |
_aHoupis, Constantine H. _eauthor _9145288 |
|
| 942 |
_2lcc _cBK |
||
| 999 |
_c200459887 _d78099 |
||